| 000 | 01014nam a22002537a 4500 | ||
|---|---|---|---|
| 999 |
_c63772 _d63772 |
||
| 005 | 20240530110658.0 | ||
| 008 | 171224s2001 ua fk f b 000 0 ara d | ||
| 017 |
_a19774 _bمصر . دار الكتب |
||
| 020 | _a9773142612 | ||
| 040 | _aEG-CaGPL | ||
| 082 | 0 | 4 |
_221 _a709.1/ _bم ف |
| 100 | 0 | _aمنى سيد علي حسن | |
| 245 | 1 | 0 |
_aفنانون في مراسم اباطرة المغول في الهند / _cتأليف منى سيد علي حسن ؛ مرجعة وتقديم محمود ابراهيم حسين |
| 250 | _aط . 1 | ||
| 260 |
_aالقاهرة : _bمكتبة زهراء الشرق ، _c2005 . |
||
| 300 |
_a135 ص : _bايض ؛ _c24 سم . |
||
| 504 | _aببليوجرافية : ص 128 -131 | ||
| 650 | 0 | 7 |
_2qrmak _aالفن _xتاريخ ونقد |
| 650 | 0 | 7 |
_2qrmak _aالفنانون _xتراجم |
| 650 | 0 | 7 |
_2qrmak _aالفنانون الهنديون |
| 700 | 0 |
_aمحمود ابراهيم حسين _eمراجع |
|
| 942 |
_2ddc _cBK |
||